|
|
|
|
| LEADER |
00739nam a2200229I 4500 |
| 001 |
7675 |
| 003 |
BD-DhAAL |
| 005 |
20150707121520.0 |
| 008 |
150707s1962 nyu 000 1 eng u |
| 010 |
|
|
|a 61009513
|
| 020 |
|
|
|a 0330025686
|
| 040 |
|
|
|c YNG
|d m.c.
|d OCL
|d RCD
|d BD-DhAAL
|
| 082 |
|
|
|a 813/.6
|
| 100 |
1 |
|
|a Hailey, Arthur.
|9 12924
|
| 245 |
1 |
0 |
|a In high places /
|
| 260 |
|
|
|a Garden City, N.Y.,
|a London,
|b Doubleday,
|b Pan Books,
|c 1962.
|
| 300 |
|
|
|a 427 p. ;
|b 18 cm.
|
| 541 |
|
|
|e 7675
|
| 655 |
|
|
|a Cold War -- Fiction.
|9 12925
|
| 942 |
|
|
|2 ddc
|c BK
|
| 999 |
|
|
|c 34964
|d 34964
|
| 952 |
|
|
|0 0
|1 0
|2 ddc
|4 0
|6 813_600000000000000_HAI
|7 0
|9 54823
|a SCL
|b SCL
|c GEN
|d 2015-07-07
|e Gift
|l 3
|m 10
|o 813.6 HAI
|p 3020007675
|r 2017-10-15
|s 2017-09-24
|t 1
|w 2015-07-07
|y BK
|